000 00490nam a2200181Ia 4500
005 20250508152609.0
008 008 250505s9999 xx 000 0 eng d
037 _aTextual
040 _aFEDL
_beng
_cFEDL
041 _aeng
_2eng
084 _a745, TUR
_qFEDL
100 _aTurner G Alan
_9761901
245 0 _aCreative crafts for everyone
260 _aNew York, USA
_bThe Viking Press
_c1959
300 _a263p.
942 _cTEXL
_h745, TUR
999 _c1337495
_d1337495